Loading...
| Literature - American Literature | 0 | 5 | 0 | 0 | 50 | 62 | 96.20 | 0 | 2 |
| History - Other History | 0 | 4 | 0 | 0 | 40 | 70 | 93.75 | 0 | 0 |
| Mythology | 0 | 4 | 0 | 0 | 40 | 62 | 95.00 | 0 | 1 |
| Philosophy | 0 | 4 | 1 | 1 | 35 | 80 | 105.00 | 0 | 1 |
| Fine Arts - Classical Music | 0 | 3 | 1 | 0 | 25 | 46 | 84.33 | 0 | 1 |
| Fine Arts - Other Fine Arts | 0 | 2 | 0 | 1 | 20 | 73 | 93.00 | 0 | 1 |
| History - World History | 0 | 2 | 0 | 0 | 20 | 81 | 93.50 | 0 | 1 |
| Fine Arts - Painting and Sculpture | 0 | 2 | 0 | 0 | 20 | 66 | 71.00 | 1 | 2 |
| Religion | 0 | 2 | 0 | 1 | 20 | 32 | 89.50 | 1 | 1 |
| Literature - World Literature | 0 | 2 | 0 | 0 | 20 | 128 | 142.50 | 0 | 0 |
| Social Science | 0 | 2 | 1 | 2 | 15 | 111 | 114.50 | 0 | 0 |
| History - American History | 0 | 2 | 1 | 0 | 15 | 64 | 70.50 | 1 | 1 |
| Literature - British Literature | 0 | 1 | 0 | 0 | 10 | 136 | 136.00 | 0 | 0 |
| Literature - European Literature | 0 | 1 | 0 | 0 | 10 | 130 | 130.00 | 0 | 1 |
| Other Academic | 0 | 1 | 0 | 0 | 10 | 52 | 52.00 | 1 | 1 |
| Science - Physics | 0 | 1 | 0 | 0 | 10 | 113 | 113.00 | 0 | 0 |
| Pop Culture | 0 | 1 | 1 | 0 | 5 | 106 | 106.00 | 0 | 0 |
| History - European History | 0 | 1 | 2 | 0 | 0 | 94 | 94.00 | 0 | 0 |
| Science - Biology | 0 | 0 | 1 | 0 | -5 | 0.00 | 0 | 0 |